000 00274nam a2200121Ia 4500
008 190216s9999||||xx |||||||||||||| ||und||
100 _aWilliam Forbes
245 0 _aBehavioural Finance
260 _bWiley Students
_c2011
300 _a443
650 _aCommerce
942 _cBK
999 _c8001
_d8001